| 000 | 01050nas a2200253 4500 | ||
|---|---|---|---|
| 001 | BR8300652 | ||
| 003 | BR-BrBNA | ||
| 005 | 20231205085431.0 | ||
| 007 | ta | ||
| 008 | 230509b bl.|||p| |||| 00| 00por d | ||
| 040 |
_aBR-BrBNA _bpor _cBiblioteca Nacional de Agricultura |
||
| 041 | _a(Pt) | ||
| 072 | _aF23 | ||
| 100 | 1 | _aQueiroz, S.B. | |
| 100 | 1 | _aKlant, E. | |
| 245 | 1 |
_aVariabilidade das caracteristicas morfologicas, fisicas e quimicas de brunizem avermelhado e terra roxa estruturada similar na encosta inferior do nordeste do Rio Grande do Sul [Brasil] _bParte de tese |
|
| 246 | 1 |
_aVariability of the morphological, physical and chemical characteristics of mollisoils and ultisols on the lower northeastern hills of Rio Grande do Sul, Brazil _bPart of thesis |
|
| 650 | _aSOLO | ||
| 650 | _aFISICA DO SOLO | ||
| 650 | _aRIO GRANDE DO SUL | ||
| 773 | 0 |
_tRevista Brasileira de Ciencia do Solo (Brazil) _xISSN 0100-0683 _g(May 1982), v. 6(2) p. 136-145 _wBR8300652 |
|
| 909 |
_a202311 _bLúcia _c55 _dLúcia Elande |
||
| 942 |
_2AGRIS _n0 _cANA |
||
| 999 |
_c111412 _d111412 |
||